000 01190cam a22003377a 4500
003 CHAP
005 20220329141426.0
008 971013s1985 r 00010 d
010 _a67941
011 _a68913
035 _a78387
040 _cCHAP
090 _aTesis
100 0 0 _aGarcía Flores, Francisco.
_945986
245 0 _aPlanificación del Diustrito de Riego No. 103 Río Florido
_b: un modelo de programación lineal
260 _aChapingo, Méx. :
_bEl autor,
_c1985
300 _a94 h.
_b; anexo
502 _aTesis (Ing. Agrónomo Esp. en Economía Agrícola) -- UACH. Departamento de Economía Agrícola
590 _aALEPH
_b10
_c20130110
_lUCH01
_h1404
590 _aBATCH-UPD
_b10
_c20130110
_lUCH01
_h0812
590 _aBATCH-UPD
_b10
_c20130410
_lUCH01
_h0449
590 _aBATCH-UPD
_b10
_c20130914
_lUCH01
_h1209
590 _aCONVERSION
_b10
_c20130109
_lUCH01
_h1337
650 1 4 _aDistrito de Riego Río Florido, Chih.
_932920
650 1 4 _aPolítica agrícola
_xChihuahua.
_990299
650 1 4 _aPolítica agrícola
_xDurango.
_990313
650 1 4 _aProgramación lineal.
_992371
901 _aBK
942 _cTESIS
949 _bBC
_cTES
_d-31261
_eTS1
_h18574
_i78387
_si
999 _c67941
_d67941